Quei giorni a Bucarest /

Sábháilte in:
Sonraí bibleagrafaíochta
Príomhchruthaitheoir: Rusu, Stefan B. (Údar)
Formáid: LEABHAR
Teanga:Iodáilis
Foilsithe / Cruthaithe: Roma : Syncro/Europa, 2018
Clibeanna: Cuir clib leis
Níl clibeanna ann, Bí ar an gcéad duine le clib a chur leis an taifead seo!

MARC

LEADER 00000nam a2200000 i 4500
001 IT\ICCU\CAM\0224947
003 ItRI
005 20250423171548.0
008 180508s2018 it |||||| ||||| |||||c
015 |2 IT  |a 2018-9747 
020 |a 9788899452186 
040 |b ita  |c GP 
041 7 |a ita  |2 ISO-639-2 
082 |a 853.92  |2 23 
100 1 |a Rusu, Stefan B.  |0 IT\ICCU\UBOV\383031  |4 aut 
245 1 0 |a Quei giorni a Bucarest /  |c Stefan B. Rusu. 
260 |a Roma :  |b Syncro/Europa,  |c 2018 
300 |a 189 p. ;  |c 21 cm. 
942 |2 ddc  |c BK 
952 |0 0  |1 0  |2 ddc  |4 0  |6 853_920000000000000_RUS  |7 1  |9 3971  |a RM  |b RM  |d 2025-04-23  |l 0  |o 853 92 RUS  |p 902  |r 2025-04-23 17:19:32  |w 2025-04-23  |y BK 
952 |0 0  |1 0  |2 ddc  |4 0  |6 853_920000000000000_RUS_QUE  |7 1  |9 4131  |a AO  |b AO  |d 2025-05-01  |l 0  |o 853.92 RUS QUE  |p 11308  |r 2025-05-01 19:48:42  |w 2025-05-01  |x Di proprietà di Giulio Gasperini  |y BK 
981 1 |6 z01  |a i   |b xxxe  
982 1 |6 z01  |a n 
999 |c 3094  |d 3094